Star wars ships - Statistics

General Stats
  • This quiz has been taken 9 times
  • The average score is 6 of 15
Answer Stats
Hint Answer % Correct
What is empire fighter Tie fighter
88%
What is Lukes ship X wing
75%
Who had best ships Republic of the CIS CIS
50%
Who had best ships the Empire of the Republic Empire
50%
Who has best ships the Empire or the Rebels Rebels
50%
What is the most commen ship of the Empire Stardestroyer
50%
What is Ackbar ship Home one
38%
What is gerneral Dodonna ship Nebulon b frigate
25%
What is Leias flagship in the last jedi Raddus
25%
What is Mandos ship razorcrest
25%
What is Vaders ship Super stardestroyer
25%
What is The most commen ship of The Republic Ventor class stardestroyer
25%
What is Sidious flagship Deathstar 2
13%
What ships had the CIS Droid ships
13%
What is Huxs flagship Finalizer
13%
No matching quizzes found
Score Distribution
Percent of People with Each Score
Percentile by Number Answered
Your Score History
You have not taken this quiz